000 00681 a2200169 4500
999 _c10531
_d10531
020 _a9780367721718
050 _aHQ766.S.A35
100 _aDurojaye , Ebenezer
_eeditor
245 _aAdvancing sexual and reproductive health and rights in Africa :
_bconstraints and opportunities /
_cedited by Ebenezer Durojaye; Gladys Mirugi-Mukundi; C G Ngwena
264 _aAbingdon, Oxon ; New York, NY :
_b Routledge Taylor & Francis Group,
_c2021
300 _a241p. :
500 _aincludes index
650 _aReproductive health -- Government policy -- Africa.
700 _aMukundi , Gladys Mirugi
_eeditor
700 _aNgwena ,Charles
_eeditor
942 _2lcc
_cBK
_h766.S.A35
_iADV
_kHQ